Estimating construction costs
Kaydedildi:
| Yazar: | |
|---|---|
| Materyal Türü: | Kitap |
| Dil: | İngilizce |
| Baskı/Yayın Bilgisi: |
McGraw-Hill
2002
|
| Etiketler: |
Etiketle
Etiket eklenmemiş, İlk siz ekleyin!
|
MARC
| LEADER | 00000nam a22000007a 4500 | ||
|---|---|---|---|
| 008 | 201221b ||||| |||| 00| 0 eng d | ||
| 020 | |a ISBN: 007-123945-6 | ||
| 100 | |a PEURIFOY, Robert L | ||
| 245 | |a Estimating construction costs |c Robert L. Peurifoy, Garold D. Oberlender |g v, 560p.; ill. | ||
| 250 | |b 5th ed | ||
| 260 | |b McGraw-Hill |c 2002 |h Boston |i 691446 |i . 691447 |l TH435 .P46 |m Building – Estimates – United States | ||
| 942 | |a lcc |c BK |e Olagoke, M A |f 21/12/2020 | ||
| 952 | |0 0 |1 0 |2 lcc |4 0 |6 TH0435 P46 |7 0 |9 1040 |a HOL |b HOL |c QZ |d 2020-12-21 |l 0 |o TH435 .P46 |p 2020-230259 |r 2020-12-21 00:00:00 |w 2020-12-21 |y BK | ||
| 952 | |0 0 |1 0 |2 lcc |4 0 |6 TH0435 P46 |7 0 |9 1041 |a HOL |b EDM |c QZ |d 2020-12-21 |l 0 |o TH435 .P46 |p 2020-230260 |r 2020-12-21 00:00:00 |w 2020-12-21 |y BK | ||
| 999 | |c 536 |d 536 | ||